TECHNOLOGY UPGRATION AND SKILL DEVELOPMENT COMPANY (TUSDEC) (Record no. 351191)

000 -LEADER
fixed length control field 00781nam a22002177a 4500
003 - CONTROL NUMBER IDENTIFIER
control field OSt
005 - DATE AND TIME OF LATEST TRANSACTION
control field 20260216105950.0
008 - FIXED-LENGTH DATA ELEMENTS--GENERAL INFORMATION
fixed length control field 160222b xxu||||| |||| 00| 0 eng d
020 ## - INTERNATIONAL STANDARD BOOK NUMBER
International Standard Book Number 05-739-2009-1
024 ## - OTHER STANDARD IDENTIFIER
Source of number or code 05-739-2009-1
040 ## - CATALOGING SOURCE
Transcribing agency Lahore University of Management Sciences
082 ## - DEWEY DECIMAL CLASSIFICATION NUMBER
Classification number 174.4 LUM 2009
100 ## - MAIN ENTRY--PERSONAL NAME
Personal name Mohsin Bashir
9 (RLIN) 133219
245 ## - TITLE STATEMENT
Title TECHNOLOGY UPGRATION AND SKILL DEVELOPMENT COMPANY (TUSDEC)
Statement of responsibility, etc. Mohsin Bashir
260 ## - PUBLICATION, DISTRIBUTION, ETC.
Place of publication, distribution, etc. lAH
Name of publisher, distributor, etc. Lahore University of Management Sciences
Date of publication, distribution, etc. 2009
300 ## - PHYSICAL DESCRIPTION
Extent 21 p.
Other physical details Papers
440 ## - SERIES STATEMENT/ADDED ENTRY--TITLE
Title TECHNOLOGY UPGRATION AND SKILL DEVELOPMENT COMPANY (TUSDEC)
9 (RLIN) 133220
590 ## - LOCAL NOTE (RLIN)
Linkage (RLIN) http://10.250.8.41:8080/xmlui/handle/123456789/56778
856 ## - ELECTRONIC LOCATION AND ACCESS
Uniform Resource Identifier <a href="http://10.250.8.41:8080/xmlui/handle/123456789/56778">http://10.250.8.41:8080/xmlui/handle/123456789/56778</a>
942 ## - ADDED ENTRY ELEMENTS (KOHA)
Source of classification or shelving scheme
Koha item type Case Studies
Holdings
Withdrawn status Lost status Source of classification or shelving scheme Damaged status Not for loan Collection code Permanent Location Current Location Shelving location Date acquired Total Checkouts Full call number Barcode Date last seen Date last checked out Price effective from Koha item type
            Central Library (CL) Central Library (CL) Reference 02/22/2016 1 174.4 LUM 2009 NBS9983 03/24/2016 02/25/2016 02/22/2016 Case Studies
© 2023 Central Library, National University of Sciences and Technology. All Rights Reserved.